书目信息 |
| 题名: |
德国:世纪末的抉择
|
|
| 作者: | 肖辉英 , 陈德兴 著 | |
| 分册: | ||
| 出版信息: | 北京 当代世界出版社 2000.01 |
|
| 页数: | 538页 | |
| 开本: | 32开 | |
| 丛书名: | ||
| 单 册: | ||
| 中图分类: | F151.64 | |
| 科图分类: | ||
| 主题词: | 经济--世界 , 经济史--世界 , 经济地理--世界 | |
| 电子资源: | ||
| ISBN: | 7-80115-281-6 | |
| 000 | 00655nam0 2200229 45 | |
| 001 | 0008051050 | |
| 005 | 20000805100532.5 | |
| 010 | @a7-80115-281-6@d28.00元 | |
| 100 | @a20000805d2000 km y0chiy0120 ea | |
| 101 | 0 | @achi |
| 105 | @a z 000yy | |
| 200 | 1 | @a德国:世纪末的抉择@ADe Guo:Shi Ji Mo De Jue Ze@f肖辉英,陈德兴著@FXiao Hui Ying,Chen De Xing Zhu |
| 210 | @a北京@c当代世界出版社@d2000.01 | |
| 215 | @a538页@d32开 | |
| 606 | 0 | @a经济@x世界 |
| 606 | 0 | @a经济史@x世界 |
| 606 | 0 | @a经济地理@x世界 |
| 690 | @aF151.64@v3 | |
| 701 | 0 | @a肖辉英@4著 |
| 701 | 0 | @a陈德兴@4著 |
| 801 | @aCN@bPftUser@c20000805 | |
| 905 | @b89892-893@dF151.64@eX914@f2 | |
| 德国:世纪末的抉择/肖辉英,陈德兴著.-北京:当代世界出版社,2000.01 |
| 538页;32开 |
| ISBN 7-80115-281-6:28.00元 |
| ● |
| 相关链接 |
|
|
|
正题名:德国:世纪末的抉择
索取号:F151.64/X914
 
预约/预借
| 序号 | 登录号 | 条形码 | 馆藏地/架位号 | 状态 | 备注 |
| 1 | 89893 | 200898939 | 社科二线422/409社科库 71排3列5层/ [索取号:F151.64/X914] | 在馆 |